Sports Quiz

Random Sports or Football Quiz

England Rugby World Cup training squad Quiz Stats

 Plays Quiz not verified by Sporcle

Challenge
Share
Tweet
Embed
Score 0/44 Timer 10:00
0 Plays Today
Club Name % Correct
RC ToulonJonny Wilkinson
93.4%
Leicester TigersBen Youngs
88.4%
Leicester TigersDan Cole
87.6%
UnattachedJames Haskell
85.1%
Northampton SaintsChris Ashton
84.3%
Leicester TigersToby Flood
81%
Northampton SaintsBen Foden
78.5%
London WaspsJoe Simpson
78.5%
Gloucester RugbyMike Tindall
77.7%
Northampton SaintsCourtney Lawes
76.9%
Leicester TigersManusamoa Tuilagi
76.9%
London IrishDelon Armitage
76%
HarlequinsDanny Care
75.2%
Sale SharksMark Cueto
75.2%
SaracensMatt Stevens
74.4%
Northampton SaintsDylan Hartley
73.6%
Stade FrancaisTom Palmer
73.6%
Northampton SaintsTom Wood
72.7%
Leicester TigersLouis Deacon
71.9%
Leicester TigersTom Croft
71.1%
HarlequinsChris Robshaw
69.4%
Bath RugbyMatt Banahan
69.4%
Club Name % Correct
SaracensRichard Wigglesworth
68.6%
London IrishAlex Corbisiero
67.8%
London WaspsSimon Shaw
67.8%
Bath RugbyLewis Moody
66.9%
Bath RugbyShontayne Hape
66.9%
London WaspsSteve Thompson
62%
Bath RugbyDavid Wilson
59.5%
SaracensDavid Strettle
59.5%
Leicester TigersThomas Waldrom
58.7%
Sale SharksAndrew Sheridan
57.9%
HarlequinsUgo Monye
56.2%
Gloucester RugbyCharlie Sharples
56.2%
Gloucester RugbyJames Simpson-Daniel
55.4%
London WaspsRiki Flutey
54.5%
SaracensCharlie Hodgson
53.7%
SaracensMouritz Botha
52.1%
Bath RugbyLee Mears
51.2%
London WaspsJoe Worsley
46.3%
Leicester TigersGeorge Chuter
44.6%
London WaspsTim Payne
33.1%
Gloucester RugbyPaul Doran-Jones
28.9%
HarlequinsHendre Fourie
27.3%

You're not logged in!

Compare scores with friends on all Sporcle quizzes.
Join for Free
OR
Log In

You Might Also Like...

Show Comments

Extras

Top Quizzes Today


Score Distribution

Your Account Isn't Verified!

In order to create a playlist on Sporcle, you need to verify the email address you used during registration. Go to your Sporcle Settings to finish the process.

Report this User

Report this user for behavior that violates our Community Guidelines.

Details: